[Event "Bratto op 33rd"]
[Site "Bratto"]
[Date "2013.08.24"]
[Round "8"]
[White "Guerra, Alessandro"]
[Black "Cebalo, Miso"]
[Result "1/2-1/2"]
[WhiteElo "2226"]
[BlackElo "2440"]
[PlyCount "108"]
[EventDate "2013.08.17"]
[EventType "swiss"]
[EventRounds "9"]
[EventCountry "ITA"]
[SourceTitle "CBM 156 Extra"]
[Source "ChessBase"]
[SourceDate "2013.10.22"]
[SourceVersion "1"]
[SourceVersionDate "2013.10.22"]
[SourceQuality "1"]

1. e4 c5 2. Nf3 Nc6 3. Bb5 d6 4. 0-0 Bd7 5. Re1 Nf6 6. c3 a6 7. Bf1 Bg4 8. h3 Bxf3 9. Qxf3 g6 10. d3 Bg7 11. Bg5 0-0 12. Nd2 b5 13. Qe3 Nd7 14. Bh6 e5 15. Bxg7 Kxg7 16. Nf3 Rc8 17. a3 Nb6 18. Rad1 Qc7 19. h4 f6 20. g3 Rcd8 21. d4 Ne7 22. Rd2 Rfe8 23. Red1 exd4 24. cxd4 c4 25. d5 Na4 26. Qf4 Nc5 27. Nd4 Ng8 28. f3 Nh6 29. g4 Nf7 30. Kh1 Ne5 31. Rg2 Qf7 32. Be2 Rf8 33. Qe3 Rde8 34. f4 Ned3 35. Bxd3 cxd3 36. Ne6+ Nxe6 37. dxe6 Qxe6 38. Qxd3 Qxe4 39. Qxe4 Rxe4 40. Rxd6 Rxf4 41. Rxa6 f5 42. Rb6 fxg4 43. Rxb5 h5 44. Rb3 Kh6 45. Re2 R8f6 46. Kg2 g5 47. hxg5+ Kxg5 48. Rb5+ Kh4 49. Rbe5 g3 50. R2e4 Kg4 51. Re8 h4 52. Rg8+ Kf5 53. Rxf4+ Kxf4 54. Rh8 Kg4 1/2-1/2

[Event "Bratto op 33rd"]
[Site "Bratto"]
[Date "2013.08.18"]
[Round "2"]
[White "Guerra, Alessandro"]
[Black "Abasov, Nijat Azad"]
[Result "0-1"]
[WhiteElo "2226"]
[BlackElo "2492"]
[PlyCount "32"]
[EventDate "2013.08.17"]
[EventType "swiss"]
[EventRounds "9"]
[EventCountry "ITA"]
[SourceTitle "CBM 156 Extra"]
[Source "ChessBase"]
[SourceDate "2013.10.22"]
[SourceVersion "1"]
[SourceVersionDate "2013.10.22"]
[SourceQuality "1"]

1. d4 Nf6 2. Nf3 e6 3. e3 b6 4. Bd3 Bb7 5. Nbd2 c5 6. 0-0 Nc6 7. c3 Qc7 8. Re1 Rc8 9. e4 d5 10. h3 cxd4 11. Nxd4 Nxd4 12. cxd4 Nxe4 13. Nxe4 dxe4 14. Bxe4 Bxe4 15. Rxe4 Qc2 16. Qg4 Be7 0-1

[Event "Bergamo op 12th"]
[Site "Bergamo"]
[Date "2013.07.21"]
[Round "6"]
[White "Neuschmied, Siegfried"]
[Black "Guerra, Alessandro"]
[Result "1/2-1/2"]
[WhiteElo "2243"]
[BlackElo "2212"]
[PlyCount "33"]
[EventDate "2013.07.19"]
[EventType "swiss"]
[EventRounds "6"]
[EventCountry "ITA"]
[SourceTitle "CBM 155 Extra"]
[Source "ChessBase"]
[SourceDate "2013.08.26"]
[SourceVersion "1"]
[SourceVersionDate "2013.08.26"]
[SourceQuality "1"]

1. e4 c6 2. d4 d5 3. f3 g6 4. Nc3 Bg7 5. Be3 dxe4 6. fxe4 Nf6 7. Nf3 0-0 8. h3 Nbd7 9. Qd2 Qa5 10. Bd3 e5 11. dxe5 Nxe5 12. Nxe5 Qxe5 13. 0-0 Bxh3 14. Bf4 Qd4+ 15. Be3 Qe5 16. Bf4 Qd4+ 17. Be3 1/2-1/2

[Event "Bergamo op 12th"]
[Site "Bergamo"]
[Date "2013.07.19"]
[Round "2"]
[White "Guerra, Alessandro"]
[Black "Brunello, Sabino"]
[Result "0-1"]
[WhiteElo "2212"]
[BlackElo "2593"]
[PlyCount "88"]
[EventDate "2013.07.19"]
[EventType "swiss"]
[EventRounds "6"]
[EventCountry "ITA"]
[SourceTitle "CBM 155 Extra"]
[Source "ChessBase"]
[SourceDate "2013.08.26"]
[SourceVersion "1"]
[SourceVersionDate "2013.08.26"]
[SourceQuality "1"]

1. d4 Nf6 2. Nf3 e6 3. e3 c5 4. Bd3 d5 5. b3 cxd4 6. exd4 Bb4+ 7. c3 Bd6 8. 0-0 Nc6 9. Re1 0-0 10. Nbd2 b6 11. Bb2 Bb7 12. Qe2 Rc8 13. Rad1 Rc7 14. Ne5 Ne7 15. Nf1 Ng6 16. Nxg6 hxg6 17. Nd2 Qe7 18. Nf3 Rfc8 19. Ne5 Ne4 20. Bxe4 dxe4 21. Qe3 b5 22. Re2 f6 23. Nxg6 Qf7 24. Qh3 Bxh2+ 25. Kxh2 Qxg6 26. Qxe6+ Rf7 27. Kg1 Qh5 28. Rdd2 g5 29. d5 Kg7 30. Re3 Rd8 31. c4 Bc8 32. Qxe4 Rh8 33. Kf1 bxc4 34. bxc4 Qh1+ 35. Ke2 Rh4 36. Qe8 Bg4+ 37. Kd3 Qf1+ 38. Kc3 Bd7 39. Qe4 Rxe4 40. Rxe4 Qxg2 41. Re3 Qf1 42. Kd4 Bc8 43. Rb3 Ba6 44. Rb4 Rc7 0-1

[Event "Venice Autumn op 18th"]
[Site "Venice"]
[Date "2012.11.03"]
[Round "4"]
[White "Guerra, Alessandro"]
[Black "Basso, Pier Luigi"]
[Result "1/2-1/2"]
[WhiteElo "2185"]
[BlackElo "2131"]
[PlyCount "88"]
[EventDate "2012.11.01"]
[EventType "swiss"]
[EventRounds "6"]
[EventCountry "ITA"]
[SourceTitle "EXT 2013"]
[Source "ChessBase"]
[SourceDate "2012.11.22"]
[SourceVersion "1"]
[SourceVersionDate "2012.11.22"]
[SourceQuality "1"]

1. e4 c5 2. Nf3 e6 3. Nc3 Nc6 4. Bb5 Nd4 5. a4 a6 6. Be2 d6 7. Nxd4 cxd4 8. Nb1 g6 9. c3 Bg7 10. cxd4 Bxd4 11. 0-0 Ne7 12. Na3 Nc6 13. Nc2 e5 14. Bc4 Be6 15. Bd5 Ba7 16. Bxc6+ bxc6 17. d4 Bb3 18. Qd3 Bxc2 19. Qxc2 Bxd4 20. Qxc6+ Ke7 21. Qb7+ Kf6 22. Be3 Qc8 23. Qd5 Qc5 24. Qa2 Kg7 25. Rac1 Qa7 26. Bxd4 Qxd4 27. Rc4 Qd3 28. Rc7 Rhf8 29. Qc4 Qxc4 30. Rxc4 Rfc8 31. Rfc1 Rxc4 32. Rxc4 a5 33. b4 axb4 34. Rxb4 Rc8 35. Kf1 Rc2 36. Rb6 Rc4 37. a5 Rxe4 38. Rxd6 Ra4 39. Ra6 f5 40. g3 Ra1+ 41. Kg2 e4 42. Ra8 h6 43. h4 h5 44. a6 Kh7 1/2-1/2

[Event "Chioggia op-A 07th"]
[Site "Chioggia"]
[Date "2012.10.14"]
[Round "4"]
[White "Vianello, Enrico"]
[Black "Guerra, Alessandro"]
[Result "0-1"]
[WhiteElo "2143"]
[BlackElo "2199"]
[PlyCount "104"]
[EventDate "2012.10.12"]
[EventType "swiss"]
[EventRounds "5"]
[EventCountry "ITA"]
[SourceTitle "EXT 2014"]
[Source "ChessBase"]
[SourceDate "2013.11.20"]
[SourceVersion "1"]
[SourceVersionDate "2013.11.20"]
[SourceQuality "1"]

1. Nf3 Nf6 2. c4 c5 3. Nc3 Nc6 4. g3 e5 5. d3 h6 6. Bg2 Be7 7. 0-0 0-0 8. Ne1 d6 9. Nc2 Bd7 10. a3 Qc8 11. Re1 Bh3 12. Bh1 Rb8 13. b4 Re8 14. Rb1 Bf8 15. Ne3 cxb4 16. axb4 Nd4 17. Bb2 Ne6 18. Qa4 a6 19. Rec1 Ng5 20. Ncd5 Ng4 21. c5 dxc5 22. bxc5 Nxe3 23. Nxe3 Bxc5 24. Ba3 b6 25. Nd5 Bd7 26. Qd1 Bb5 27. Bxc5 bxc5 28. Qc2 Ne6 29. Nc3 Qd7 30. Qa2 Rec8 31. Bd5 Rb6 32. Na4 Rd6 33. Nc3 Bc6 34. Bc4 Ng5 35. f3 h5 36. Qd2 Rg6 37. Qe3 h4 38. g4 Qd4 39. Qxd4 exd4 40. Nd5 Kf8 41. Nf4 Rf6 42. Nh5 Rd6 43. Bxa6 Re8 44. Kh1 Bxf3+ 45. exf3 Rxa6 46. f4 Nf3 47. Rb2 Ra3 48. Rd1 c4 49. dxc4 d3 50. Rf2 d2 51. Kg2 h3+ 52. Kxh3 Re1 0-1

[Event "Basso Veronese op 5th"]
[Site "Casaleone"]
[Date "2012.05.??"]
[Round "6"]
[White "Molina, Fabrizio"]
[Black "Guerra, Alessandro"]
[Result "1/2-1/2"]
[WhiteElo "2269"]
[BlackElo "2159"]
[PlyCount "95"]
[EventDate "2012.05.19"]
[EventType "swiss"]
[EventRounds "6"]
[EventCountry "ITA"]
[SourceTitle "EXT 2014"]
[Source "ChessBase"]
[SourceDate "2013.11.20"]
[SourceVersion "1"]
[SourceVersionDate "2013.11.20"]
[SourceQuality "1"]

1. d4 Nf6 2. c4 g6 3. f3 Bg7 4. e4 d6 5. Be3 0-0 6. Ne2 Nfd7 7. Nec3 e5 8. d5 a5 9. Nd2 b6 10. a3 f5 11. b4 axb4 12. axb4 Rxa1 13. Qxa1 Bh6 14. Nd1 Bxe3 15. Nxe3 Qh4+ 16. g3 Qg5 17. Nd1 Nf6 18. Qc3 fxe4 19. fxe4 c5 20. b5 Qh5 21. Be2 Bg4 22. Qe3 Nbd7 23. Nf2 Bxe2 24. Qxe2 Qh6 25. 0-0 Ra8 26. Nb3 Qg5 27. Kg2 Ra3 28. Qb2 Ra4 29. Qc2 Qe3 30. Ra1 Rxa1 31. Nxa1 h5 32. Qb3 Ng4 33. Nxg4 Qxe4+ 34. Qf3 Qxg4 35. Qxg4 hxg4 36. Kf2 Kg7 37. Ke3 Kf6 38. Nb3 Kf5 39. Nd2 Nf6 40. Kd3 e4+ 41. Ke3 Ke5 42. Nb1 Kf5 43. Nc3 g5 44. Na4 Nd7 45. Ke2 Kf6 46. Ke3 Ke5 47. Nc3 Nf6 48. Na4 1/2-1/2

[Event "Venice Autumn op 17th"]
[Site "Venice"]
[Date "2011.10.31"]
[Round "3"]
[White "Del Monaco, Andrea"]
[Black "Guerra, Alessandro"]
[Result "1-0"]
[WhiteElo "2315"]
[BlackElo "2204"]
[PlyCount "53"]
[EventDate "2011.10.30"]
[EventType "swiss"]
[EventRounds "5"]
[EventCountry "ITA"]
[SourceTitle "EXT 2012"]
[Source "ChessBase"]
[SourceDate "2011.11.24"]
[SourceVersion "1"]
[SourceVersionDate "2011.11.24"]
[SourceQuality "1"]

1. e4 c5 2. Nc3 Nc6 3. f4 g6 4. Nf3 Bg7 5. Bb5 Nd4 6. 0-0 a6 7. Bc4 b5 8. Bd5 Rb8 9. d3 e6 10. Bb3 d6 11. Nxd4 cxd4 12. Ne2 Ne7 13. Qe1 0-0 14. Bd2 Kh8 15. Qf2 Qb6 16. Qh4 Rb7 17. Rf3 f5 18. Rh3 h6 19. Kh1 Ng8 20. g4 fxg4 21. Qxg4 e5 22. Qg3 Bxh3 23. Qxh3 Nf6 24. Rg1 Nh5 25. Rxg6 Nxf4 26. Rxh6+ Bxh6 27. Qxh6+ 1-0

[Event "Venice Autumn op 17th"]
[Site "Venice"]
[Date "2011.10.31"]
[Round "2"]
[White "Guerra, Alessandro"]
[Black "Mrdja, Milan"]
[Result "1-0"]
[WhiteElo "2204"]
[BlackElo "2402"]
[PlyCount "99"]
[EventDate "2011.10.30"]
[EventType "swiss"]
[EventRounds "5"]
[EventCountry "ITA"]
[SourceTitle "EXT 2012"]
[Source "ChessBase"]
[SourceDate "2011.11.24"]
[SourceVersion "1"]
[SourceVersionDate "2011.11.24"]
[SourceQuality "1"]

1. e4 d5 2. exd5 Qxd5 3. Nc3 Qd6 4. d4 Nf6 5. Nge2 Bf5 6. Bf4 Qb6 7. Na4 Qa5+ 8. c3 c6 9. Nc5 Bc8 10. Ng3 Nbd7 11. Nb3 Qd8 12. Bd3 g6 13. Qe2 Bg7 14. 0-0-0 0-0 15. h4 Nd5 16. Bd2 e5 17. h5 exd4 18. cxd4 Re8 19. Qf3 N7f6 20. Rh4 a5 21. hxg6 hxg6 22. a3 b6 23. Rdh1 Qd6 24. Ne4 Nxe4 25. Bxe4 a4 26. Na1 Rxe4 27. Qxe4 Bf5 28. Qf3 Rc8 29. g4 Bd7 30. Nc2 f5 31. g5 c5 32. Rh7 f4 33. R1h4 cxd4 34. Qh1 Qc6 35. Rxg7+ Kxg7 36. Rh7+ Kf8 37. Qh6+ Ke8 38. Rh8+ Ke7 39. Qg7+ Kd6 40. Qxg6+ Ke5 41. Qg7+ Kf5 42. Qf7+ Ke5 43. Rxc8 Qxc8 44. Qg7+ Kf5 45. Kd1 d3 46. Nd4+ Kg4 47. Qf7 Bc6 48. g6 Qd7 49. f3+ Kg3 50. Bxf4+ 1-0

[Event "Cavarzere op 14th"]
[Site "Cavarzere"]
[Date "2011.10.23"]
[Round "6.1"]
[White "Guerra, Alessandro"]
[Black "Omeri, Silvan"]
[Result "1/2-1/2"]
[WhiteElo "2204"]
[BlackElo "2199"]
[PlyCount "95"]
[EventDate "2011.10.15"]
[EventType "swiss"]
[EventRounds "6"]
[EventCountry "ITA"]
[SourceTitle "EXT 2023"]
[Source "ChessBase"]
[SourceDate "2022.10.05"]
[SourceVersion "1"]
[SourceVersionDate "2022.10.05"]
[SourceQuality "1"]

1. e4 c5 2. Nf3 d6 3. Bc4 e6 4. 0-0 a6 5. Re1 b5 6. Bf1 Bb7 7. a4 b4 8. d4 cxd4 9. Nxd4 Nf6 10. Bg5 Qa5 11. Bxf6 gxf6 12. Nd2 Nd7 13. Nc4 Qc5 14. Nb3 Qc7 15. Nba5 Ne5 16. Nxb7 Nxc4 17. Bxc4 Qxb7 18. Qh5 Qc8 19. Bb3 Ra7 20. a5 Rc7 21. Ba4+ Ke7 22. Rad1 Rc5 23. e5 fxe5 24. Qh4+ f6 25. Qxb4 Qc7 26. Qa3 Kf7 27. b4 Rc3 28. Bb3 d5 29. Qa4 Qc6 30. b5 Qxb5 31. Qh4 h5 32. f4 Qb4 33. Rf1 Be7 34. Qe1 exf4 35. Qe2 h4 36. h3 Rg3 37. Kh1 Rh6 38. Qxa6 Rhg6 39. Rfe1 Rxh3+ 40. gxh3 f5 41. Rxe6 Rxe6 42. Bxd5 Qe4+ 43. Bxe4 Rxa6 44. Bxf5 Rxa5 45. Be4 Bc5 46. Kg2 Be3 47. Rd5 Rxd5 48. Bxd5+ 1/2-1/2

[Event "Cavarzere op 14th"]
[Site "Cavarzere"]
[Date "2011.10.16"]
[Round "3.6"]
[White "Zamengo, Bruno"]
[Black "Guerra, Alessandro"]
[Result "0-1"]
[WhiteElo "1931"]
[BlackElo "2204"]
[PlyCount "76"]
[EventDate "2011.10.15"]
[EventType "swiss"]
[EventRounds "6"]
[EventCountry "ITA"]
[SourceTitle "EXT 2023"]
[Source "ChessBase"]
[SourceDate "2022.10.05"]
[SourceVersion "1"]
[SourceVersionDate "2022.10.05"]
[SourceQuality "1"]

1. e4 Nc6 2. d4 d5 3. e5 Bf5 4. a3 e6 5. Nc3 Nge7 6. Be3 Bg6 7. h4 h5 8. f3 Nf5 9. Bf2 Be7 10. g3 f6 11. Nge2 fxe5 12. dxe5 Nxe5 13. Nf4 Bf7 14. Qe2 Bd6 15. 0-0-0 c6 16. Re1 Qf6 17. Nxh5 Bxh5 18. g4 Bg6 19. gxf5 Bxf5 20. Bd4 Qh6+ 21. Kb1 Nc4 22. Qg2 Qd2 23. Rxe6+ Bxe6 24. Qxg7 0-0-0 25. Bxc4 dxc4 26. Ne4 Bf8 27. Qxh8 Qxd4 28. Qh7 c3 29. Nxc3 Bxa3 30. Qg6 Bd7 31. h5 Bxb2 32. Kxb2 Qb4+ 33. Ka2 Qxc3 34. h6 Qc4+ 35. Kb2 Be6 36. Ra1 Qb4+ 37. Kc1 Qe1+ 38. Kb2 Qe5+ 0-1

[Event "Chioggia op-A 06th"]
[Site "Chioggia"]
[Date "2011.10.08"]
[Round "3"]
[White "Solomon, Kenny"]
[Black "Guerra, Alessandro"]
[Result "0-1"]
[WhiteElo "2215"]
[BlackElo "2204"]
[PlyCount "90"]
[EventDate "2011.10.07"]
[EventType "swiss"]
[EventRounds "5"]
[EventCountry "ITA"]
[SourceTitle "EXT 2022"]
[Source "ChessBase"]
[SourceDate "2021.10.06"]
[SourceVersion "1"]
[SourceVersionDate "2021.10.06"]
[SourceQuality "1"]

1. Nf3 Nf6 2. c4 c5 3. Nc3 Nc6 4. g3 e5 5. Bg2 Be7 6. 0-0 0-0 7. Nd5 d6 8. Nxe7+ Qxe7 9. b3 e4 10. Ne1 Qe5 11. Rb1 Qh5 12. f3 exf3 13. Nxf3 Bh3 14. Bb2 Ng4 15. Nh4 Bxg2 16. Kxg2 Nh6 17. e3 Qxd1 18. Rbxd1 Nb4 19. a3 Nd3 20. Bc3 f5 21. h3 Rad8 22. Kf3 d5 23. Ke2 dxc4 24. bxc4 Rd7 25. Rb1 g6 26. Ba1 Nf7 27. Nf3 Re8 28. Rb3 Nde5 29. Nxe5 Nxe5 30. Rc1 Nc6 31. Rcb1 b6 32. Rc3 Nd4+ 33. Kf2 Ne6 34. d3 Ng5 35. h4 Nf7 36. Rcb3 Rde7 37. d4 Nd6 38. dxc5 Ne4+ 39. Kf3 Nd2+ 40. Ke2 Nxb3 41. Rxb3 bxc5 42. a4 Re4 43. a5 a6 44. Bf6 R8e6 45. Rb8+ Kf7 0-1

[Event "Bratto op 31st"]
[Site "Bratto"]
[Date "2011.08.28"]
[Round "9"]
[White "Guerra, Alessandro"]
[Black "Bonade, Massimo"]
[Result "1-0"]
[WhiteElo "2204"]
[BlackElo "2079"]
[PlyCount "61"]
[EventDate "2011.08.20"]
[EventType "swiss"]
[EventRounds "9"]
[EventCountry "ITA"]
[SourceTitle "EXT 2022"]
[Source "ChessBase"]
[SourceDate "2021.10.06"]
[SourceVersion "1"]
[SourceVersionDate "2021.10.06"]
[SourceQuality "1"]

1. e4 c5 2. Nf3 d6 3. Bc4 e6 4. 0-0 Nf6 5. Re1 Be7 6. e5 dxe5 7. Nxe5 0-0 8. d3 a6 9. Qf3 Nd5 10. Bxd5 exd5 11. Nc3 Be6 12. Bf4 Bf6 13. Rad1 b5 14. d4 b4 15. Ne2 c4 16. Nxc4 Nd7 17. Ne5 Rc8 18. Qb3 a5 19. Ng3 Nb6 20. Nh5 Be7 21. Qg3 g5 22. Nf3 h6 23. Bxg5 hxg5 24. Qe5 f6 25. Qxe6+ Rf7 26. Qf5 Nc4 27. Rxe7 Rxe7 28. Nxf6+ Kh8 29. Ne5 Nxe5 30. dxe5 Rc4 31. Qxg5 1-0

[Event "Bratto op 31st"]
[Site "Bratto"]
[Date "2011.08.24"]
[Round "5"]
[White "Guerra, Alessandro"]
[Black "Qendro, Llambi"]
[Result "1/2-1/2"]
[WhiteElo "2204"]
[BlackElo "2343"]
[PlyCount "60"]
[EventDate "2011.08.20"]
[EventType "swiss"]
[EventRounds "9"]
[EventCountry "ITA"]
[SourceTitle "EXT 2022"]
[Source "ChessBase"]
[SourceDate "2021.10.06"]
[SourceVersion "1"]
[SourceVersionDate "2021.10.06"]
[SourceQuality "1"]

1. e4 g6 2. d4 Bg7 3. Nf3 d6 4. Bc4 Nf6 5. Nc3 0-0 6. 0-0 c6 7. Bb3 Qc7 8. e5 dxe5 9. Nxe5 Nbd7 10. Nd3 Nb6 11. Bf4 Qd8 12. Ne5 Nbd5 13. Nxd5 cxd5 14. Re1 Be6 15. a4 a5 16. Nd3 Bf5 17. Be5 Bxd3 18. Qxd3 e6 19. Qb5 b6 20. c3 Ne4 21. Rad1 Rc8 22. Qe2 Bxe5 23. dxe5 Nc5 24. Bc2 f5 25. Rd4 Qe7 26. f3 Rb8 27. b4 Nd7 28. Qd2 Rfc8 29. Bb3 axb4 30. cxb4 Rc7 1/2-1/2

[Event "Bratto op 31st"]
[Site "Bratto"]
[Date "2011.08.23"]
[Round "4"]
[White "Getz, Nicolai"]
[Black "Guerra, Alessandro"]
[Result "1/2-1/2"]
[WhiteElo "2385"]
[BlackElo "2204"]
[PlyCount "74"]
[EventDate "2011.08.20"]
[EventType "swiss"]
[EventRounds "9"]
[EventCountry "ITA"]
[SourceTitle "EXT 2022"]
[Source "ChessBase"]
[SourceDate "2021.10.06"]
[SourceVersion "1"]
[SourceVersionDate "2021.10.06"]
[SourceQuality "1"]

1. Nf3 Nf6 2. g3 c5 3. Bg2 Nc6 4. 0-0 e5 5. c4 Be7 6. Nc3 0-0 7. d3 h6 8. Ne1 d6 9. Nc2 Be6 10. Nd5 Qd7 11. f4 Bxd5 12. cxd5 Nb4 13. e3 Nxc2 14. Qxc2 exf4 15. gxf4 Ne8 16. Bd2 Bf6 17. Rae1 Nc7 18. Bc3 Bxc3 19. bxc3 Rfe8 20. e4 Rab8 21. Qf2 Nb5 22. Qb2 Nc7 23. d4 b6 24. e5 Qb5 25. Qa3 Qc4 26. dxc5 Nb5 27. Qb4 Qxc5+ 28. Qxc5 bxc5 29. c4 Na3 30. exd6 Nxc4 31. Rxe8+ Rxe8 32. Rc1 Nxd6 33. Rxc5 Rc8 34. Ra5 Rc1+ 35. Kf2 Rc2+ 36. Kg3 Rc3+ 37. Kf2 Rc2+ 1/2-1/2

[Event "Bratto op 31st"]
[Site "Bratto"]
[Date "2011.08.22"]
[Round "3"]
[White "Guerra, Alessandro"]
[Black "Podini, Francesco"]
[Result "1-0"]
[WhiteElo "2204"]
[BlackElo "2033"]
[PlyCount "81"]
[EventDate "2011.08.20"]
[EventType "swiss"]
[EventRounds "9"]
[EventCountry "ITA"]
[SourceTitle "EXT 2022"]
[Source "ChessBase"]
[SourceDate "2021.10.06"]
[SourceVersion "1"]
[SourceVersionDate "2021.10.06"]
[SourceQuality "1"]

1. e4 c5 2. Nf3 e6 3. Nc3 a6 4. a4 Nc6 5. Bc4 d6 6. 0-0 Nf6 7. Re1 Be7 8. d4 cxd4 9. Nxd4 Qc7 10. Nxc6 bxc6 11. a5 0-0 12. Be3 c5 13. Bf4 Nd7 14. Re3 Ne5 15. Bxe5 dxe5 16. Qh5 Bf6 17. Rh3 h6 18. Rg3 Kh7 19. Nd1 Bb7 20. Qf3 Rad8 21. Ne3 Rd4 22. c3 Bxe4 23. Qe2 Rd6 24. Ng4 Bf5 25. Nxf6+ gxf6 26. b4 cxb4 27. cxb4 Rfd8 28. Bxa6 Qa7 29. b5 Qd4 30. Rga3 Qb2 31. b6 Rd2 32. Qe1 Bc2 33. Be2 R8d4 34. a6 Qb4 35. Bf1 Be4 36. b7 Bxb7 37. axb7 Qxb7 38. Ra7 Qb2 39. R1a2 Qc3 40. Rxd2 Rxd2 41. Rxf7+ 1-0

[Event "Presolana op 31st"]
[Site "Presolana"]
[Date "2011.08.20"]
[Round "1"]
[White "Guerra, Alessandro"]
[Black "Sveshnikov, Evgeny"]
[Result "0-1"]
[WhiteElo "2214"]
[BlackElo "2514"]
[PlyCount "74"]
[EventDate "2011.08.20"]
[EventType "swiss"]
[EventRounds "9"]
[EventCountry "ITA"]
[SourceTitle "CBM 144 Extra"]
[Source "ChessBase"]
[SourceDate "2011.10.28"]
[SourceVersion "1"]
[SourceVersionDate "2011.10.28"]
[SourceQuality "1"]

1. e4 c5 2. Nf3 Nc6 3. Nc3 e5 4. Bc4 Be7 5. Nd5 Nf6 6. d3 d6 7. 0-0 0-0 8. c3 Nxd5 9. Bxd5 Bg4 10. h3 Bh5 11. g4 Bg6 12. h4 Bxh4 13. Kg2 Be7 14. Rh1 Qd7 15. Kg3 Nd8 16. g5 Ne6 17. Nh4 Bxg5 18. Bxg5 Nxg5 19. Nxg6 hxg6 20. Rh2 Rfe8 21. Qc1 Ne6 22. Qh1 Kf8 23. Rh7 Ng5 24. Rh8+ Ke7 25. Rxe8+ Rxe8 26. Qh4 f6 27. Rh1 Qb5 28. Bc4 Qxb2 29. Qg4 Qb6 30. a4 Qc7 31. Bb5 Rf8 32. Kg2 Qc8 33. Qg3 Rh8 34. Rxh8 Qxh8 35. Qg4 Ne6 36. Bc4 Nf4+ 37. Kg1 Qh3 0-1